000
00337pab a2200145 454500
008
180718b1996 xxu||||| |||| 00| 0 eng d
100
_a
Aziz, Abdul
245
_a
An outline of the contours of panchayati raj
260
_c
1996
300
_a
p.3-6
362
_a
Mar
650
_a
Panchayat
773
_a
Social Change
909
_a
43025
999
_c
43025
_d
43025